000 00784pam a2200253 a 4500
001 1086346
005 20131111142750.0
008 920210s1992 nyua rb 001 0 eng
010 _a 92005195
020 _a0486450511
020 _a9780486450513
040 _aDLC
_cDLC
_dDLC
050 0 0 _aTJ223.M53
_bL45 1992
082 0 0 _a629.895
_222
_bLEI
100 1 _aLeigh, J. R.
_q(James R.)
_934444
245 1 0 _aApplied digital control :
_btheory, design, and implementation /
_cJ.R. Leigh.
250 _a2nd ed.
260 _aNew York :
_bPrentice Hall,
_c1992.
300 _axix, 524 p. :
_bill. ;
_c24 cm.
504 _aIncludes bibliographical references (p. 503-519) and index.
650 0 _aDigital control systems.
_919120
653 _bEle
_cNovember2013
942 _2ddc
_cBB
999 _c17753
_d17725